02471nam a2200265Ia 4500003000400000005001700004008004100021020001800062040002100080041000800101082002300109100003900132245011100171250002200282260005900304300003000363500003700393504003800430505076300468520081501231650005002046650002602096650003802122700004502160OSt20200909171942.0191128s2008 ck fr 000 0 spa d a9789587103120 aCO-JMCRcCO-JMCR0 aspa04a364.132 / bG652d 1 aGómez Méndez, Alfonso, eautor10aDelitos contra la administración pública / cAlfonso Gómez Méndez y Carlos Arturo Gómez Pavajeau aTercera edición aBogotá : bUniversidad Externado de Colombia, c2008 a620 páginas ; c24 cm. aIncluye notas a pie de página. aBibliografía: páginas 611-6200 aEl bien jurídico -- Administración pública -- El sujeto activo calificado -- Los sujetos del ataque al bien jurídico administración pública -- La comisión por omisión en los delitos contra la administración pública -- Prohibición de doble imputación respecto de la calidad de servidor público -- Prejudicialidad -- Peculado -- Concusión -- Cohecho -- Diferencias entre concusión y cohecho -- Celebración indebida de contratos -- Tráfico de influencias -- Enriquecimiento ilícito -- Prevaricato -- Abusos de autoridad -- Usurpación y abuso de funciones públicas -- Delitos contra los servidores públicos -- De la utilización indebida de información y de influencias derivadas del ejercicio de función pública 3 aLos delitos contra la administración pública tienen hoy un papel significativo y determinante en el prestigio o desprestigio de la administración de justicia. Tal vez igual, incluso mayor, piensan algunos, que aquel asignado a los delitos violentos, pues no puede olvidarse la contundente enseñanza acerca de que una deficiente administración oficial genera y multiplica la violencia, en la medida en que ciertos administradores pretenden retomar la justicia por su cuenta, espiral que va ascendiendo cuando además para librarse de imputaciones algunos laceran moral y físicamente a los jueces y autoridades sirviendo la corrupción como pretexto para la reacción, a modo de tropelías en búsqueda de reivindicar el "estado de naturaleza" de todos los terrorismos de izquierda y de derecha.14aDelitos contra la administración pública 14aDerecho disciplinario14aCorrupción políticazColombia1 aGómez Pavajeau, Carlos Arturo, eautor